[Event "Calvia Amateur op 20th"]
[Site "Calvia"]
[Date "2023.10.13"]
[Round "7"]
[White "Lacrosse, Marc"]
[Black "Litfin, Boris"]
[Result "1-0"]
[WhiteElo "2057"]
[BlackElo "1910"]
[PlyCount "37"]
[EventDate "2023.10.07"]
[EventType "swiss"]
[EventRounds "9"]
[EventCountry "ESP"]
[SourceTitle "Mega2024 Update 01"]
[Source "Chessbase"]
[SourceDate "2023.11.12"]
[SourceVersion "1"]
[SourceVersionDate "2023.11.12"]
[SourceQuality "1"]

1. d4 g6 2. c4 Bg7 3. Nf3 d6 4. e4 c5 5. d5 e6 6. Bd3 exd5 7. cxd5 Ne7 8. Nc3 a6 9. a4 h6 10. h3 0-0 11. Be3 f5 12. Qd2 fxe4 13. Bxe4 Kh7 14. g4 Nd7 15. Ke2 Qe8 16. Rag1 b5 17. Nh4 b4 18. Nd1 Nf6 19. Bb1 1-0

[Event "Sunway Formentera op 2nd"]
[Site "Sant Ferran de ses Roques"]
[Date "2023.04.19"]
[Round "2"]
[White "Liu, Zhaoqi"]
[Black "Lacrosse, Marc"]
[Result "1-0"]
[WhiteElo "2301"]
[BlackElo "2081"]
[PlyCount "55"]
[EventDate "2023.04.18"]
[EventType "swiss"]
[EventRounds "10"]
[EventCountry "ESP"]
[SourceTitle "CBM 213 Extra"]
[Source "ChessBase"]
[SourceDate "2023.05.31"]
[SourceVersion "1"]
[SourceVersionDate "2023.05.31"]
[SourceQuality "1"]

1. c4 e6 2. Nc3 d5 3. d4 Nf6 4. Bg5 Nbd7 5. cxd5 exd5 6. e3 Be7 7. Bd3 0-0 8. Nge2 Re8 9. Qc2 c6 10. 0-0 Nf8 11. f3 g6 12. Rae1 Ne6 13. Bh4 b5 14. h3 Bb7 15. Bf2 Rc8 16. e4 b4 17. Na4 Qa5 18. e5 Nd7 19. f4 c5 20. f5 Nxd4 21. Nxd4 cxd4 22. Qd1 Bc6 23. e6 Bxa4 24. exf7+ Kxf7 25. fxg6+ Kg7 26. Qh5 Nf6 27. Bxd4 Qb6 28. Qxh7+ 1-0

[Event "Prague op 21st"]
[Site "Prague"]
[Date "2023.01.13"]
[Round "9"]
[White "Vojta, Jakub"]
[Black "Lacrosse, Marc"]
[Result "1-0"]
[WhiteElo "2288"]
[BlackElo "2057"]
[PlyCount "68"]
[EventDate "2023.01.06"]
[EventType "swiss"]
[EventRounds "9"]
[EventCountry "CZE"]
[SourceTitle "CBM 212 Extra"]
[Source "ChessBase"]
[SourceDate "2023.03.31"]
[SourceVersion "1"]
[SourceVersionDate "2023.03.31"]
[SourceQuality "1"]

1. e4 e5 2. Nf3 Nc6 3. d4 exd4 4. c3 dxc3 5. Nxc3 Bb4 6. Bc4 d6 7. Bg5 Nf6 8. Qb3 0-0 9. Rc1 h6 10. Bh4 Bxc3+ 11. Rxc3 Na5 12. Qc2 Nxc4 13. Rxc4 c5 14. 0-0 Qe7 15. Re1 Bg4 16. Nd2 g5 17. Bg3 Nh5 18. Rc3 Rfe8 19. Nc4 Rad8 20. Rce3 Be6 21. e5 dxe5 22. Bxe5 b6 23. h3 Ng7 24. g4 Rd5 25. Qc3 Rxe5 26. Nxe5 Qf6 27. Rf3 Qd8 28. Rd3 Qf6 29. Nc6 Qf4 30. Qe5 Qa4 31. Rd6 Qxa2 32. Qf6 Qc4 33. Ne7+ Kh7 34. Nf5 Qf4 1-0

[Event "San Vicente del Raspeig op 3rd"]
[Site "San Vicente del Raspeig"]
[Date "2022.12.28"]
[Round "5"]
[White "Lacrosse, Marc"]
[Black "Mascarell Canet, Ricardo"]
[Result "1-0"]
[WhiteElo "2216"]
[BlackElo "1875"]
[PlyCount "79"]
[EventDate "2022.12.26"]
[EventType "swiss"]
[EventRounds "9"]
[EventCountry "ESP"]
[SourceTitle "CBM 212 Extra"]
[Source "ChessBase"]
[SourceDate "2023.03.31"]
[SourceVersion "1"]
[SourceVersionDate "2023.03.31"]
[SourceQuality "1"]

1. d4 Nf6 2. c4 g6 3. Nc3 Bg7 4. e4 d6 5. Be2 0-0 6. Be3 Nc6 7. Nf3 e5 8. d5 Ne7 9. Nd2 Ne8 10. c5 f5 11. f3 Kh8 12. Nc4 Ng8 13. cxd6 Nxd6 14. Nxd6 cxd6 15. Qd2 Qh4+ 16. g3 Qe7 17. 0-0 Nf6 18. Rac1 Bd7 19. Kg2 a6 20. Bg5 h5 21. exf5 gxf5 22. f4 Qe8 23. h3 Nh7 24. h4 Qf7 25. Nd1 Rac8 26. Ne3 b5 27. Qb4 e4 28. Rfd1 a5 29. Qxd6 Bxb2 30. Rb1 Bg7 31. Bxb5 Bxb5 32. Rxb5 Rc3 33. Rb8 Rxb8 34. Qxb8+ Nf8 35. Qb6 Ra3 36. Rd2 Nd7 37. Qe6 Qf8 38. Nxf5 e3 39. Re2 Nc5 40. Qg6 1-0

[Event "Benidorm Bali op-A"]
[Site "Benidorm"]
[Date "2022.12.05"]
[Round "3"]
[White "Lacrosse, Marc"]
[Black "Aditya, Varun Gampa"]
[Result "1/2-1/2"]
[WhiteElo "2043"]
[BlackElo "2249"]
[PlyCount "76"]
[EventDate "2022.12.03"]
[EventType "swiss"]
[EventRounds "9"]
[EventCountry "ESP"]
[SourceTitle "CBM 211 Extra"]
[Source "ChessBase"]
[SourceDate "2023.01.31"]
[SourceVersion "1"]
[SourceVersionDate "2023.01.31"]
[SourceQuality "1"]

1. d4 Nf6 2. c4 e6 3. Nf3 d5 4. Nc3 Bb4 5. cxd5 exd5 6. Bg5 h6 7. Bxf6 Qxf6 8. Qa4+ Nc6 9. e3 0-0 10. Be2 Qg6 11. 0-0 Bh3 12. Ne1 Bxc3 13. bxc3 Rfd8 14. Kh1 Bf5 15. Rc1 Ne7 16. Qb4 Qd6 17. Qxb7 Rab8 18. Qxa7 Ra8 19. Qc5 Qxc5 20. dxc5 Ra5 21. Nf3 Rxc5 22. Rfd1 Ra8 23. Nd4 Rxa2 24. Nb3 Rc6 25. Nd4 Rb6 26. Nxf5 Nxf5 27. Rxd5 Nd6 28. Bf3 Rxf2 29. Rc5 g6 30. e4 f6 31. Rxc7 Nf7 32. h4 Ne5 33. Ra1 Rb8 34. Raa7 g5 35. hxg5 hxg5 36. Bh5 Rf4 37. Bf7+ Kf8 38. Be6 Rh4+ 1/2-1/2

[Event "La Nucia op 3rd"]
[Site "La Nucia"]
[Date "2022.10.09"]
[Round "1"]
[White "Vasquez Schroder, Rodrigo Rafael"]
[Black "Lacrosse, Marc"]
[Result "1-0"]
[WhiteElo "2520"]
[BlackElo "2049"]
[PlyCount "73"]
[EventDate "2022.10.09"]
[EventType "swiss"]
[EventRounds "9"]
[EventCountry "ESP"]
[SourceTitle "CBM 210 Extra"]
[Source "ChessBase"]
[SourceDate "2022.11.30"]
[SourceVersion "1"]
[SourceVersionDate "2022.11.30"]
[SourceQuality "1"]

1. d4 d5 2. c4 e6 3. Nc3 a6 4. cxd5 exd5 5. Bf4 c6 6. e3 Bd6 7. Bg3 Nf6 8. Bd3 0-0 9. Nge2 Re8 10. Qc2 Be6 11. 0-0 Qe7 12. Rae1 Bxg3 13. hxg3 Nbd7 14. f3 c5 15. Nf4 Qd6 16. Qd2 Rac8 17. Bb1 Nb6 18. b3 Rc7 19. dxc5 Qxc5 20. Rc1 Qb4 21. Nd3 Qe7 22. Ne2 Rxc1 23. Rxc1 Bf5 24. Kf2 Nc8 25. Ndf4 Bxb1 26. Rxb1 Nd6 27. Nc3 Qe5 28. Nfxd5 Nxd5 29. Nxd5 h5 30. Re1 Nf5 31. Nf4 Nxg3 32. Kxg3 g5 33. Kf2 gxf4 34. exf4 Qc5+ 35. Kg3 Rxe1 36. Qxe1 Qc6 37. Qe5 1-0

[Event "Collado Villalba op 39th"]
[Site "Collado Villalba"]
[Date "2022.08.27"]
[Round "8"]
[White "Lacrosse, Marc"]
[Black "Quispe Arteaga, Gabriel"]
[Result "0-1"]
[WhiteElo "2023"]
[BlackElo "2372"]
[PlyCount "55"]
[EventDate "2022.08.20"]
[EventType "swiss"]
[EventRounds "9"]
[EventCountry "ESP"]
[SourceTitle "EXT 2023"]
[Source "ChessBase"]
[SourceDate "2022.10.05"]
[SourceVersion "1"]
[SourceVersionDate "2022.10.05"]
[SourceQuality "1"]

1. d4 Nf6 2. c4 e6 3. Nf3 b6 4. a3 Bb7 5. Nc3 d5 6. cxd5 Nxd5 7. Qc2 Nxc3 8. bxc3 c5 9. e4 Nd7 10. Bd3 Qc7 11. Qb1 h6 12. Be3 Bd6 13. 0-0 0-0 14. Re1 Rac8 15. a4 Rfd8 16. a5 bxa5 17. Qb5 cxd4 18. cxd4 a6 19. Qh5 Nf6 20. Qh4 Be7 21. Rec1 Qd7 22. Ne5 Qe8 23. Qg3 Kh8 24. f3 a4 25. Rxa4 Rxc1+ 26. Bxc1 Qxa4 27. Nxf7+ Kg8 28. Qg6 0-1

[Event "Collado Villalba op 39th"]
[Site "Collado Villalba"]
[Date "2022.08.21"]
[Round "2"]
[White "Lacrosse, Marc"]
[Black "Camarero Izquierdo, Juan Carlos"]
[Result "1-0"]
[WhiteElo "2023"]
[BlackElo "1702"]
[PlyCount "59"]
[EventDate "2022.08.20"]
[EventType "swiss"]
[EventRounds "9"]
[EventCountry "ESP"]
[SourceTitle "EXT 2023"]
[Source "ChessBase"]
[SourceDate "2022.10.05"]
[SourceVersion "1"]
[SourceVersionDate "2022.10.05"]
[SourceQuality "1"]

1. d4 d5 2. c4 e6 3. Nf3 c6 4. Qc2 f5 5. Bf4 Nf6 6. e3 Bd6 7. Bxd6 Qxd6 8. Nbd2 0-0 9. Bd3 Ne4 10. 0-0 Nd7 11. Rab1 Rf6 12. b4 Rh6 13. g3 Ndf6 14. Ne5 Bd7 15. Bxe4 fxe4 16. Rfc1 Be8 17. a4 Bh5 18. cxd5 exd5 19. b5 Ng4 20. bxc6 b6 21. c7 Rc8 22. Qc6 Qf8 23. Qxd5+ Kh8 24. Nxe4 Nxh2 25. Ng5 Rf6 26. Kxh2 Rxf2+ 27. Kg1 h6 28. Rf1 Qf5 29. Ngf7+ Bxf7 30. Nxf7+ 1-0

[Event "Vlissingen HZ op 24th"]
[Site "Vlissingen"]
[Date "2022.08.08"]
[Round "4"]
[White "Lacrosse, Marc"]
[Black "Lammens, Tim"]
[Result "1-0"]
[WhiteElo "2023"]
[BlackElo "2255"]
[PlyCount "95"]
[EventDate "2022.08.06"]
[EventType "swiss"]
[EventRounds "9"]
[EventCountry "NED"]
[SourceTitle "CBM 209 Extra"]
[Source "ChessBase"]
[SourceDate "2022.09.30"]
[SourceVersion "1"]
[SourceVersionDate "2022.09.30"]
[SourceQuality "1"]

1. d4 Nf6 2. c4 e6 3. Nf3 d5 4. Nc3 Be7 5. Bg5 Nbd7 6. e3 h6 7. Bh4 0-0 8. cxd5 exd5 9. Bd3 c6 10. Qc2 Re8 11. 0-0 Ne4 12. Bxe7 Qxe7 13. b4 Ndf6 14. b5 cxb5 15. Nxb5 Bg4 16. Ne5 Rac8 17. Qb2 a6 18. Bxe4 dxe4 19. Nc3 Be6 20. Rac1 b5 21. Rc2 Bc4 22. Rfc1 Bd3 23. Nd5 Nxd5 24. Rxc8 Rxc8 25. Rxc8+ Kh7 26. Rc5 Nb6 27. Nxd3 exd3 28. Qb1 Qe4 29. Rc3 Nd5 30. Rb3 f5 31. Qxd3 Qe6 32. Rb1 b4 33. Rc1 Nc3 34. a3 a5 35. axb4 axb4 36. Rxc3 bxc3 37. Qxc3 Qe4 38. f3 Qb1+ 39. Kf2 Qa2+ 40. Kg3 Qe2 41. h4 Kg6 42. d5 Kh5 43. d6 g5 44. hxg5 hxg5 45. d7 f4+ 46. exf4 gxf4+ 47. Kxf4 Qe7 48. Qe5+ 1-0

[Event "Vlissingen HZ op 24th"]
[Site "Vlissingen"]
[Date "2022.08.07"]
[Round "3"]
[White "Bezemer, Arno J"]
[Black "Lacrosse, Marc"]
[Result "1/2-1/2"]
[WhiteElo "2278"]
[BlackElo "2023"]
[PlyCount "43"]
[EventDate "2022.08.06"]
[EventType "swiss"]
[EventRounds "9"]
[EventCountry "NED"]
[SourceTitle "CBM 209 Extra"]
[Source "ChessBase"]
[SourceDate "2022.09.30"]
[SourceVersion "1"]
[SourceVersionDate "2022.09.30"]
[SourceQuality "1"]

1. e4 e5 2. Nf3 Nc6 3. Bc4 Bc5 4. c3 Nf6 5. d4 exd4 6. cxd4 Bb4+ 7. Nbd2 Nxe4 8. d5 Nxd2 9. Bxd2 Bxd2+ 10. Qxd2 Ne7 11. d6 cxd6 12. 0-0 0-0 13. Bd5 Rb8 14. Ng5 Nxd5 15. Qxd5 b5 16. Qf5 g6 17. Qf4 Bb7 18. Rad1 f6 19. Nh3 d5 20. Rfe1 Rc8 21. Qd4 Qa5 22. a3 1/2-1/2

[Event "Prague op-A 20th"]
[Site "Prague"]
[Date "2022.01.10"]
[Round "5"]
[White "Acor, Corey B"]
[Black "Lacrosse, Marc"]
[Result "1-0"]
[WhiteElo "2303"]
[BlackElo "2072"]
[PlyCount "77"]
[EventDate "2022.01.07"]
[EventType "swiss"]
[EventRounds "9"]
[EventCountry "CZE"]
[SourceTitle "CBM 206 Extra"]
[Source "ChessBase"]
[SourceDate "2022.03.31"]
[SourceVersion "1"]
[SourceVersionDate "2022.03.31"]
[SourceQuality "1"]

1. e4 e5 2. Nf3 Nc6 3. Bc4 Bc5 4. c3 Nf6 5. d4 exd4 6. cxd4 Bb4+ 7. Bd2 Nxe4 8. Bxb4 Nxb4 9. Bxf7+ Kxf7 10. Qb3+ Kf8 11. Qxb4+ Qe7 12. Qxe7+ Kxe7 13. 0-0 Kd8 14. Re1 Nf6 15. Nc3 Rf8 16. Rac1 d6 17. h3 Bd7 18. d5 h6 19. Nd4 Re8 20. Rxe8+ Nxe8 21. Re1 Nf6 22. Re3 a6 23. f4 c5 24. Ne6+ Bxe6 25. Rxe6 Kd7 26. g4 Rb8 27. f5 b5 28. Kf2 b4 29. Ne4 Nxe4+ 30. Rxe4 Re8 31. Re6 Rxe6 32. fxe6+ Ke7 33. h4 Kf6 34. Ke3 Ke7 35. Kd3 Kf6 36. Kc4 Ke7 37. Kb3 Kd8 38. Ka4 Ke7 39. b3 1-0

[Event "Seville op 45th"]
[Site "Seville"]
[Date "2020.01.12"]
[Round "3"]
[White "Gagare, Shardul"]
[Black "Lacrosse, Marc"]
[Result "1-0"]
[WhiteElo "2481"]
[BlackElo "2120"]
[PlyCount "67"]
[EventDate "2020.01.10"]
[EventType "swiss"]
[EventRounds "9"]
[EventCountry "ESP"]
[SourceTitle "CBM 194 Extra"]
[Source "ChessBase"]
[SourceDate "2020.03.31"]
[SourceVersion "1"]
[SourceVersionDate "2020.03.31"]
[SourceQuality "1"]

1. d4 d5 2. c4 e6 3. Nf3 Nf6 4. Nc3 Nbd7 5. Bg5 c6 6. e3 Qa5 7. cxd5 Nxd5 8. Qd2 Bb4 9. Rc1 h6 10. Bh4 c5 11. a3 Bxc3 12. bxc3 b6 13. c4 Qxd2+ 14. Nxd2 Ne7 15. Bd3 Bb7 16. f3 Rc8 17. Ke2 f6 18. Bf2 0-0 19. Rhd1 Rfd8 20. Ne4 Nf5 21. g4 Bxe4 22. Bxe4 Nd6 23. Bd3 Kf7 24. Bg3 Ke7 25. a4 cxd4 26. exd4 e5 27. Kf2 Nf7 28. Be4 exd4 29. Rxd4 Nde5 30. Bd5 Rc5 31. Re1 Kf8 32. Red1 Rdc8 33. h3 Nd6 34. Be6 1-0

[Event "Benidorm op U2300 18th"]
[Site "Benidorm"]
[Date "2019.12.02"]
[Round "4"]
[White "Lacrosse, Marc"]
[Black "Cardenas Serrano, Sergio"]
[Result "1/2-1/2"]
[WhiteElo "2162"]
[BlackElo "2095"]
[PlyCount "64"]
[EventDate "2019.11.29"]
[EventType "swiss"]
[EventRounds "10"]
[EventCountry "ESP"]
[SourceTitle "EXT 2022"]
[Source "ChessBase"]
[SourceDate "2021.10.06"]
[SourceVersion "1"]
[SourceVersionDate "2021.10.06"]
[SourceQuality "1"]

1. d4 Nf6 2. c4 e6 3. Nf3 Bb4+ 4. Bd2 Qe7 5. g3 Nc6 6. a3 Bxd2+ 7. Qxd2 Ne4 8. Qc2 f5 9. Nc3 Nxc3 10. Qxc3 d6 11. d5 Nd8 12. Rc1 b6 13. b4 Bb7 14. Bg2 0-0 15. 0-0 f4 16. Rfd1 e5 17. Nd2 fxg3 18. hxg3 Nf7 19. Ne4 Ng5 20. c5 Nxe4 21. Bxe4 Qf7 22. f3 Rad8 23. Qd3 g6 24. Kg2 Kg7 25. Rd2 Qe7 26. Qe3 Qf7 27. Qd3 Qe7 28. Qe3 Qf7 29. Rh1 Kg8 30. Rhd1 Qe7 31. Rc1 Qf7 32. Qd3 Kg7 1/2-1/2

[Event "Cutro op 25th"]
[Site "Cutro"]
[Date "2019.09.13"]
[Round "6"]
[White "Vlachos, Anatole"]
[Black "Lacrosse, Marc"]
[Result "1-0"]
[WhiteElo "2392"]
[BlackElo "2161"]
[PlyCount "97"]
[EventDate "2019.09.09"]
[EventType "swiss"]
[EventRounds "9"]
[EventCountry "ITA"]
[SourceTitle "EXT 2020"]
[Source "ChessBase"]
[SourceDate "2019.10.17"]
[SourceVersion "1"]
[SourceVersionDate "2019.10.17"]
[SourceQuality "1"]

1. Nf3 d5 2. g3 Bg4 3. Bg2 c6 4. h3 Bxf3 5. Bxf3 Nf6 6. d3 Nbd7 7. Nd2 e5 8. e4 dxe4 9. dxe4 Bc5 10. Qe2 Qe7 11. a4 a5 12. Nc4 Nf8 13. c3 Qc7 14. Bg5 N8d7 15. h4 h6 16. Bd2 Nf8 17. Bg2 Ne6 18. Bh3 b5 19. axb5 cxb5 20. Ne3 Qc6 21. 0-0 Bxe3 22. Bxe3 0-0 23. f3 Nc5 24. Rfd1 Nb3 25. Ra3 a4 26. Bf1 Rab8 27. Ra2 Rfc8 28. Kh2 Rc7 29. Qf2 Qe6 30. Bh3 Qc6 31. Bf5 g6 32. Bh3 Kg7 33. Bf1 Qe6 34. Ra3 Qc6 35. Qe1 Rd7 36. Be2 Rbd8 37. Rxd7 Rxd7 38. Bd1 Nc5 39. Ra1 Nd3 40. Qe2 Nc5 41. Bc2 Ne8 42. c4 Nc7 43. cxb5 Qxb5 44. Bd1 Nb3 45. Rb1 Qb4 46. f4 Qxe4 47. Bc2 Rd2 48. Qxd2 Nxd2 49. Bxe4 1-0